| 000 | 00880nam a2200253Ia 4500 | ||
|---|---|---|---|
| 003 | OSt | ||
| 005 | 20221005113138.0 | ||
| 006 | a|||||r|||| 00| 0 | ||
| 007 | ta | ||
| 008 | 221004b |||||||| |||| 00| 0 pan d | ||
| 020 |
_a9788175993709 (hbk) _cINR 400.00 |
||
| 024 | _a65436 | ||
| 037 |
_b1178, 22/01/2020, H.K. Prakashan _cTextual |
||
| 040 |
_aCRL _cCRL _bpan |
||
| 041 |
_2pan _apan |
||
| 082 | _aS8, 153Q9 | ||
| 100 | _aਗੌਤਮ, ਸਤਯਪਾਲ, ਂਚ. | ||
| 245 | 0 | _aਕਸਤ ਕਸੌਟੀ ਜੋੋ ਟਿਕੇ | |
| 260 |
_aਨਵੀੂ _bਦਿੱਲੀ ਨਵਯੁਗ ਪਬਲਿFਰਗ਼ ਭਾਰਤ _c2019 |
||
| 300 |
_a214ਪ੍ਰ0 _ccm. |
||
| 650 | _aਸਮਾਜ Fਾਸਤਰ | ||
| 942 |
_hS8, 153Q9 _cTEXL _2cc |
||
| 999 |
_c1027185 _d1027185 |
||